Ngân hàng đề thi tự luận các học phần Lịch sử Việt Nam

Spremljeno u:
Bibliografski detalji
Glavni autor: Nguyễn Mạnh Hồng (Chủ nhiệm đề tài)
Format: Knjiga
Izdano: 2010
Oznake: Dodaj oznaku
Bez oznaka, Budi prvi tko označuje ovaj zapis!
Thư viện lưu trữ: Mạng thư viện Đại học Đà Nẵng
LEADER 00745nam a2200229 4500
001 000021325
003 17772
005 20150417080436.0
008 150417s2010 sd
100 1 |a Nguyễn Mạnh Hồng  |e Chủ nhiệm đề tài 
245 1 0 |a Ngân hàng đề thi tự luận các học phần Lịch sử Việt Nam  |c Nguyễn Mạnh Hồng 
260 |c 2010 
500 |a Đề tài NCKH cấp Trường Đại học Sư Phạm Đà Nẵng . Mã số : T2010-03-21 
OWN |a LSP 
999 |a From the UDN01 
TYP |a Mixed Materials 
TYP |a Monograph 
TYP |a Printed language 
980 |a Mạng thư viện Đại học Đà Nẵng